000 02211nam0a2200361 4500
001 RU\NLR\bibl\88037
005 20260405205624.0
010 _a5-230-16241-4
_950
021 _aRU
_b2000-656
_934
035 _a(NLR Aleph) 000085997
090 _a480696
_c480696
100 _a20000524d1999 |||y0rusy50 ca
101 0 _arus
102 _aRU
105 _aa |||||||||
200 1 _aПроектирование СВЧ устройств с помощью MMICAD
_e[Метод. пособие]
_fА.А. Курушин, А.С. Петров
_gМ-во общ. и проф. образования Рос. Федерации, Моск. гос. ин-т электроники и математики (Техн. ун-т)
210 _aМ.
_cМИЭМ
_d1999
215 _a181 с.
_cил.
_d21
320 _aБиблиогр.: с. 180 (3 назв.)
606 0 _aMMICAD, система автоматизированного проектирования
_jРуководства, пособия и т.п. для высшей школы
_92168469
_3RU\NLR\auth\661304566
606 0 _aMMICAD, система автоматизированного проектирования
_jУчебные издания для высшей школы
_92168469
_3RU\NLR\auth\661304566
606 0 _aУльтракоротковолновая аппаратура
_jРуководства, пособия и т.п. для высшей школы
_xПроектирование
_xПрименение счетных машин
_91820232
_3RU\NLR\auth\661114577
606 0 _aПриборы СВЧ
_jУчебные издания для высшей школы
_xПроектирование
_xАвтоматизация
_92095099
_3RU\NLR\auth\661267711
686 _aЗ840.4-02-5-05я73-1
700 1 _aКурушин
_bА. А.
_gАлександр Александрович
_4070
701 1 _4070
_7ca
_8rus
_aПетров
_bА. С.
_cд-р техн. наук, автоматизация
_gАлександр Сергеевич
_975781
_3RU\NLR\auth\7792855
801 0 _aRU
_bNLR
_c20000524
_gPSBO
801 1 _aRU
_bNLR
_c20000524
830 _aАвт. по кн.
852 _aNLR
_j2000-3/3486
942 _cBOOK
980 _aNB